trouve l'origine de ce plat -France - Statistiques

Statistiques générales
  • Ce quiz a été pris 61 fois
    36 depuis la dernière actualisation
  • Le résultat moyen est 17 sur 40
Statistiques - réponses
Plat Région % Correct
Crêpes Bretagne
82%
Bœuf Bourguignon Bourgogne Franche-Comté
76%
Salade Niçoise Provence-Alpes-Côte d’Azur
76%
Quiche Lorraine Grand est
71%
Savoie
68%
Fondue Savoyarde Auvergne Rhône-Alpes
65%
Alpes-Maritimes
62%
Choucroute Grand est
59%
Tartiflette Auvergne Rhône-Alpes
56%
Haute-Savoie
56%
Poulet Basquaise Nouvelle Aquitaine
56%
Pissaladière Provence-Alpes-Côte d’Azur
56%
Bouillabaisse Provence-Alpes-Côte d'Azur
53%
Bas-Rhin
50%
Moules Marinières Normandie
50%
Cassoulet Occitanie
47%
Alpes-Maritimes
44%
Meurthe et Moselle
44%
Galette des Rois Île-de-France
38%
Ille-et-Vilaine
38%
Aligot Occitanie
38%
Bouche du Rhône
35%
Côte-d’Or
35%
Andouillette Grand Est
35%
Paris
35%
Pyrénées-Atlantiques
35%
Coq au Vin Bourgogne-Franche-Comté
32%
Ratatouille Provence-Alpes-Côte d'Azur
32%
Aube
26%
Manche
26%
Alpes-Maritimes
24%
Aveyron
24%
Gougères Bourgogne Franche-Comté
24%
Tarte Tatin Centre-Val de Loire
21%
Clafoutis Nouvelle Aquitaine
21%
Aude
18%
Yonne
15%
Loir-et-Cher
12%
Haute-Vienne
9%
Saône-et-Loire
9%
Aucun quiz correspondant
Distribution des résultats
% des personnes avec chaque résultat
Percentile par nombre de réponses
Votre historique - résultats
Vous n’avez pas pris ce quiz depuis la dernière actualisation